000 00408nam a2200181Ia 4500
005 20251020182526.0
008 200515s9999 xx 000 0 und d
082 _a691.6/A45
100 _aALVAREZ MARTINEZ, Félix
245 0 _aEl vidrio en la construcción
250 _a7a ed.
260 _aBarcelona
260 _c1968
500 _a1 ejemplar
650 _aLIB
650 _aVIDRIO
942 _cLIB
999 _c1903
_d1903